[Event "Gligoric Cup 4th"]
[Site "Novi Banovci"]
[Date "2017.05.25"]
[Round "1.8"]
[White "Cetkovic, Miodrag"]
[Black "Jovanovic, Slobodan E"]
[Result "1-0"]
[WhiteElo "2186"]
[BlackElo "1904"]
[PlyCount "115"]
[EventDate "2017.05.25"]
[EventType "team-swiss"]
[EventRounds "5"]
[EventCountry "SRB"]
[SourceTitle "CBM 178 Extra"]
[Source "ChessBase"]
[SourceDate "2017.06.22"]
[SourceVersion "1"]
[SourceVersionDate "2017.06.22"]
[SourceQuality "1"]
[WhiteTeam "Belgrade Radnicki"]
[BlackTeam "Banovci Dunav"]
[WhiteTeamCountry "SRB"]
[BlackTeamCountry "SRB"]

1. e4 c5 2. Nc3 Nc6 3. Bc4 Nf6 4. f4 d6 5. Nf3 Bg4 6. e5 Bxf3 7. Qxf3 dxe5 8. fxe5 Nxe5 9. Bb5+ Ned7 10. Qxb7 Qc8 11. Qf3 e6 12. 0-0 Be7 13. Bxd7+ Kxd7 14. d3 Qc6 15. Qg3 Rhg8 16. Be3 Rab8 17. b3 Rb4 18. h3 Bd6 19. Qe1 Be5 20. a3 Rbb8 21. Rd1 Ke7 22. Bg5 Bd4+ 23. Kh1 h6 24. Bf4 Bxc3 25. Qxc3 Nd5 26. Qa5 Rb7 27. Rde1 Nxf4 28. Rxf4 Qc7 29. Qd2 g5 30. Rc4 Qd6 31. Qf2 Rc7 32. Rf1 f5 33. Qf3 Rf8 34. h4 Rh8 35. Re1 Kf6 36. Rce4 Re7 37. g4 Rhe8 38. h5 Qd5 39. Kg2 f4 40. R1e2 e5 41. Ra4 Qxf3+ 42. Kxf3 Rd8 43. Ra6+ Kg7 44. Rg6+ Kh7 45. Rc6 Rd5 46. Re4 Rd4 47. Rxc5 Rxe4 48. Kxe4 Rf7 49. Kf3 Re7 50. b4 Kg7 51. b5 Kf8 52. a4 e4+ 53. dxe4 Rd7 54. a5 Rd1 55. Rc7 Rb1 56. b6 axb6 57. a6 Ke8 58. a7 1-0

[Event "Stari Banovci Vidovdan op"]
[Site "Stari Banovci"]
[Date "2016.06.28"]
[Round "1"]
[White "Jovanovic, Slobodan E"]
[Black "Radlovacki, Jovan"]
[Result "0-1"]
[WhiteElo "1902"]
[BlackElo "2322"]
[PlyCount "68"]
[EventDate "2016.06.28"]
[EventType "swiss"]
[EventRounds "9"]
[EventCountry "SRB"]
[SourceTitle "CBM 173 Extra"]
[Source "ChessBase"]
[SourceDate "2016.08.29"]
[SourceVersion "1"]
[SourceVersionDate "2016.08.29"]
[SourceQuality "1"]

1. d4 Nf6 2. c4 e6 3. Nc3 Bb4 4. Qc2 c5 5. Nf3 cxd4 6. Nxd4 Qc7 7. e4 Qe5 8. Be3 Ng4 9. Bd3 Nxe3 10. fxe3 Qg5 11. Qf2 Nc6 12. 0-0 Nd8 13. Ncb5 0-0 14. a3 Be7 15. b4 a6 16. Nc3 Bd6 17. c5 Bc7 18. Rad1 b6 19. Nf3 Qh5 20. cxb6 Bxb6 21. Nd4 Nc6 22. Bb1 Ne5 23. Na4 Ba7 24. h3 d6 25. Rc1 Bd7 26. Nb2 Rfc8 27. a4 Qg5 28. Rce1 Qe7 29. Qd2 Rab8 30. Rc1 Qg5 31. Rxc8+ Rxc8 32. Ba2 Bxd4 33. Qxd4 Rc2 34. g4 Qh4 0-1

[Event "Stari Banovci Vidovdan op"]
[Site "Stari Banovci"]
[Date "2015.06.22"]
[Round "5"]
[White "Mitrovic, Marjan"]
[Black "Jovanovic, Slobodan E"]
[Result "1-0"]
[WhiteElo "2118"]
[BlackElo "1889"]
[PlyCount "119"]
[EventDate "2015.06.20"]
[EventType "swiss"]
[EventRounds "9"]
[EventCountry "SRB"]
[SourceTitle "EXT 2019"]
[Source "ChessBase"]
[SourceDate "2018.10.10"]
[SourceVersion "1"]
[SourceVersionDate "2018.10.10"]
[SourceQuality "1"]

1. Nf3 d5 2. g3 c6 3. Bg2 Nf6 4. 0-0 h6 5. b3 Bf5 6. Bb2 Nbd7 7. c4 e6 8. d3 Be7 9. Nbd2 0-0 10. a3 Rc8 11. h3 Bh7 12. b4 Re8 13. Qb3 Bd6 14. Rac1 Bb8 15. Rfe1 Nf8 16. e4 dxe4 17. Nxe4 Nxe4 18. dxe4 e5 19. c5 Qf6 20. Rcd1 Rcd8 21. Nh2 Qe6 22. Qc3 Ng6 23. f4 Rxd1 24. Rxd1 f5 25. Rf1 Nf8 26. exf5 Bxf5 27. g4 Bh7 28. Nf3 Qd7 29. Nxe5 Bxe5 30. fxe5 Qd3 31. Qxd3 Bxd3 32. Rd1 Bc4 33. Be4 Kf7 34. Rd4 Be6 35. b5 Bd7 36. Rd6 Rc8 37. Bd4 Ke7 38. Be3 a6 39. bxa6 bxa6 40. g5 h5 41. g6 Ne6 42. Bf5 Nf8 43. Bg5+ Ke8 44. e6 Bxe6 45. Bxe6 Nxe6 46. Rxe6+ Kf8 47. Be7+ Kg8 48. Bd6 a5 49. Kf2 Ra8 50. Kg3 a4 51. Kh4 Rc8 52. Kxh5 Ra8 53. Kg4 Kh8 54. Kf4 Kg8 55. Ke5 Rc8 56. Kd4 Ra8 57. Kc4 Kh8 58. Kb4 Kg8 59. h4 Rc8 60. Kxa4 1-0

[Event "Stari Banovci Vidovdan op"]
[Site "Stari Banovci"]
[Date "2015.06.21"]
[Round "3"]
[White "Tonkovic, Robert"]
[Black "Jovanovic, Slobodan E"]
[Result "1-0"]
[WhiteElo "2141"]
[BlackElo "1889"]
[PlyCount "49"]
[EventDate "2015.06.20"]
[EventType "swiss"]
[EventRounds "9"]
[EventCountry "SRB"]
[SourceTitle "EXT 2019"]
[Source "ChessBase"]
[SourceDate "2018.10.10"]
[SourceVersion "1"]
[SourceVersionDate "2018.10.10"]
[SourceQuality "1"]

1. e4 c5 2. Nc3 g6 3. f4 Bg7 4. Nf3 Nc6 5. Bc4 Na5 6. Be2 a6 7. a4 e6 8. d3 b6 9. 0-0 Bb7 10. f5 Bd4+ 11. Nxd4 cxd4 12. fxe6 dxe6 13. Nb1 Qd7 14. Bf4 f6 15. e5 fxe5 16. Bg5 h6 17. Bh4 Nc6 18. Nd2 Nce7 19. Bf3 Nf5 20. Bxb7 Qxb7 21. Nc4 Qc7 22. Qf3 Rc8 23. g4 Nfe7 24. Qf7+ Kd7 25. Bg3 1-0